A Short history of India (Record no. 374234)

000 -LEADER
fixed length control field 00435cam a22001577a 4500
008 - FIXED-LENGTH DATA ELEMENTS--GENERAL INFORMATION
fixed length control field 180718b1957 xxu||||| |||| 00| 0 eng d
082 ## - DEWEY DECIMAL CLASSIFICATION NUMBER
Classification number A6x54 M814
100 ## - MAIN ENTRY--PERSONAL NAME
Personal name Moreland, W.H.
245 ## - TITLE STATEMENT
Title A Short history of India
Statement of responsibility, etc. by W.H. Moreland and Atul Chandra Chatterji
250 ## - EDITION STATEMENT
Edition statement 4th ed.
260 ## - PUBLICATION, DISTRIBUTION, ETC.
Place of publication, distribution, etc. London
Name of publisher, distributor, etc. Longmans
Date of publication, distribution, etc. 1957
300 ## - PHYSICAL DESCRIPTION
Extent 594p.
500 ## - GENERAL NOTE
General note Rs.15.00
650 ## - SUBJECT ADDED ENTRY--TOPICAL TERM
Topical term or geographic name entry element India - History
700 ## - ADDED ENTRY--PERSONAL NAME
Personal name Chatterji, Atul Chandra
Holdings
Withdrawn status Lost status Damaged status Not for loan Permanent Location Current Location Date acquired Full call number Barcode Date last seen Price effective from Koha item type
        Indian Institute of Public Administration Indian Institute of Public Administration 1994-06-27 A6x54 M814 7478 2018-07-21 2018-07-21 Book

Powered by Koha